[Event "Mittelfranken-chTB2b 1314"]
[Site "Mittelfranken"]
[Date "2013.11.17"]
[Round "2.3"]
[White "Jesch, Alexander"]
[Black "Wegmann, Wolfgang"]
[Result "0-1"]
[WhiteElo "1611"]
[BlackElo "1907"]
[PlyCount "72"]
[EventDate "2013.10.20"]
[EventType "team-tourn"]
[EventRounds "9"]
[EventCountry "GER"]
[SourceTitle "EXT 2020"]
[Source "ChessBase"]
[SourceDate "2019.10.17"]
[SourceVersion "1"]
[SourceVersionDate "2019.10.17"]
[SourceQuality "1"]
[WhiteTeam "Buechenbach/Roth III"]
[BlackTeam "Heideck/Hilpoltstein"]
[WhiteTeamCountry "GER"]
[BlackTeamCountry "GER"]

1. Nf3 Nf6 2. d4 d5 3. c4 c6 4. cxd5 cxd5 5. Qc2 Nc6 6. Bf4 g6 7. e3 Bg7 8. Bd3 0-0 9. a3 Qa5+ 10. Qc3 Qb6 11. Nbd2 a5 12. h3 Bd7 13. 0-0 Rfc8 14. Qb3 Qxb3 15. Nxb3 b6 16. Rac1 e6 17. Rc2 Ne7 18. Rfc1 Rxc2 19. Rxc2 Ba4 20. Rc3 Ne4 21. Bxe4 dxe4 22. Ne5 Nd5 23. Nd2 Nxc3 24. bxc3 Rc8 25. c4 Bf8 26. Nxe4 f5 27. Nd2 Bxa3 28. Kf1 b5 29. c5 b4 30. Nec4 Bb5 31. Ke1 Ra8 32. Nb6 Ra6 33. Nb1 Bd3 34. Nd2 a4 35. Nbc4 Bc1 36. Kd1 a3 0-1

[Event "Bayernliga 1213 U20"]
[Site "Bayern"]
[Date "2012.10.20"]
[Round "1.3"]
[White "Jesch, Alexander"]
[Black "Milling, Manuel"]
[Result "1-0"]
[WhiteElo "1738"]
[BlackElo "1722"]
[PlyCount "85"]
[EventDate "2012.10.20"]
[EventType "team-tourn"]
[EventRounds "7"]
[EventCountry "GER"]
[SourceTitle "EXT 2020"]
[Source "ChessBase"]
[SourceDate "2019.10.17"]
[SourceVersion "1"]
[SourceVersionDate "2019.10.17"]
[SourceQuality "1"]
[WhiteTeam "Buechenbach/Roth U20"]
[BlackTeam "Klosterlechfeld U20"]
[WhiteTeamCountry "GER"]
[BlackTeamCountry "GER"]

1. Nf3 d5 2. d4 Nf6 3. c4 e6 4. Nc3 Nc6 5. Bg5 Be7 6. e3 0-0 7. a3 a5 8. Bd3 dxc4 9. Bxc4 Bd7 10. 0-0 h6 11. Bh4 Re8 12. h3 Nh7 13. Bxe7 Qxe7 14. Rc1 Nf6 15. Re1 Rac8 16. e4 Nd8 17. Re2 c6 18. Ba2 b5 19. e5 Nd5 20. Ne4 Nb7 21. Nc5 Nxc5 22. Rxc5 Ra8 23. Rec2 a4 24. Bb1 b4 25. R2c4 Reb8 26. Qd3 g6 27. Ne1 bxa3 28. Qxa3 Rb3 29. Qa2 Rab8 30. Nd3 a3 31. Bc2 R3b6 32. Qxa3 Qg5 33. Ba4 Ra6 34. Nb4 Nf4 35. g3 Rab6 36. Bxc6 Bxc6 37. Rxc6 Rxc6 38. Nxc6 Rc8 39. Ne7+ Kg7 40. Rxc8 Nxh3+ 41. Kg2 Nf4+ 42. Kf1 Nh3 43. Qa8 1-0

[Event "Mittelfranken-ch NT 58th"]
[Site "Postbauer"]
[Date "2009.04.09"]
[Round "3"]
[White "Diebel, Guenter"]
[Black "Jesch, Alexander"]
[Result "1-0"]
[WhiteElo "1667"]
[BlackElo "1386"]
[PlyCount "49"]
[EventDate "2009.04.08"]
[EventType "swiss"]
[EventRounds "7"]
[EventCountry "GER"]
[SourceTitle "EXT 2015"]
[Source "ChessBase"]
[SourceDate "2014.11.20"]
[SourceVersion "1"]
[SourceVersionDate "2014.11.20"]
[SourceQuality "1"]

1. e4 Nf6 2. Nc3 d5 3. exd5 Nxd5 4. Nxd5 Qxd5 5. Nf3 Bg4 6. Be2 e6 7. c3 c5 8. Qa4+ Nc6 9. Qxg4 g6 10. 0-0 Bg7 11. Bb5 0-0 12. Bxc6 Qxc6 13. d4 c4 14. Re1 Rad8 15. Ne5 Qc7 16. Bf4 Qc8 17. Re3 b5 18. Rh3 Rd5 19. Re1 Qd8 20. Bh6 Re8 21. Bxg7 Kxg7 22. Qf4 Qc7 23. Qh6+ Kg8 24. Qxh7+ Kf8 25. Nxg6+ 1-0